LIBRARY & INFORMATION CENTRE, KCAET, TAVANUR

ONLINE PUBLIC ACCESS CATALOGUE (OPAC)

Management Kurien - style : The story of the white revolution / (Record no. 2517)

MARC details
000 -LEADER
fixed length control field 00472cam a2200181ua 4500
041 ## - LANGUAGE CODE
Language code of text/sound track or separate title eng
082 ## - DEWEY DECIMAL CLASSIFICATION NUMBER
Classification number 637.14
Item number KAM/MA
100 ## - MAIN ENTRY--AUTHOR NAME
Personal name Kamath, M.V .
245 ## - TITLE STATEMENT
Title Management Kurien - style : The story of the white revolution /
250 ## - EDITION STATEMENT
Edition statement 1 /
260 ## - PUBLICATION, DISTRIBUTION, ETC. (IMPRINT)
Place of publication :
Name of publisher Konark publishers pvt Ltd ,
Year of publication 1989.
300 ## - PHYSICAL DESCRIPTION
Number of Pages 422 ; .
942 ## - ADDED ENTRY ELEMENTS (KOHA)
Koha item type Books
Holdings
Withdrawn status Lost status Damaged status Home library Current library Date acquired Full call number Accession Number Koha item type
      KAUAET KAUAET 07/04/2012 637.14 17685 Books
free website counter